Shield Properties and Investments Ltd v Anglo Overseas Transport Co Ltd (No 2) (Record no. 360)

MARC details
000 -LEADER
fixed length control field 01853cab a2200229 4500
001 - CONTROL NUMBER
control field ##ABS36858
008 - FIXED-LENGTH DATA ELEMENTS--GENERAL INFORMATION
fixed length control field 090401t1986 xxu||||| |||| 00| 0 eng d
035 ## - SYSTEM CONTROL NUMBER
System control number (Sirsi) u700
041 0# - LANGUAGE CODE
Language code of text/sound track or separate title eng
245 00 - TITLE STATEMENT
Title Shield Properties and Investments Ltd v Anglo Overseas Transport Co Ltd (No 2)
260 ## - PUBLICATION, DISTRIBUTION, ETC.
Date of publication, distribution, etc. 1986
300 ## - PHYSICAL DESCRIPTION
Extent See Abstracts 34132, 32549
350 ## - PRICE (NR) (BK AM CF MU VM SE) [OBSOLETE]
Price 0
490 #0 - SERIES STATEMENT
Series statement Estates Gazette
Volume/sequential designation 279(6301) 13 September 1986, 1088-1092(2)
520 ## - SUMMARY, ETC.
Summary, etc. ChD 29 April 1986. The issue concerned the landlords' claim to interest following a revised rent award by an arbitrator. Originally,the arbitrator determined a review rent of £251 000 pa, as compared to a rent of £50 000 under the lease conditions. This was challenged by the tenants and remitted to the arbitrator for further consideration. The arbitrator revised the rent to £221 000. In these proceedings the landlords claimed interest on the shortfall from the date of review. The judge, in reaching his decision, referred to "South Tottenham Land Securities Ltd v R and A Millett (Shops) Ltd" (CA, [1984] 1 WLR 710) from which it was clear that the amended increase in rent was not payable until the quarter day following the date of the revised award, and the shortfall in rent was paid on that date. The landlords' claim to interest on the shortfall from the review date and quarter day must fail because no provision was made in the lease for such interest. Landlords' claim dismissed.
650 24 - SUBJECT ADDED ENTRY--TOPICAL TERM
Topical term or geographic name entry element SHIELD PROPERTIES AND INVESTMENTS LTD V ANGLO OVERSEAS TRANSPORT CO LTD
650 24 - SUBJECT ADDED ENTRY--TOPICAL TERM
Topical term or geographic name entry element SOUTH TOTTENHAM LAND SECURITIES LTD V R AND A MILLETT (SHOPS) LTD
651 #4 - SUBJECT ADDED ENTRY--GEOGRAPHIC NAME
Geographic name England and Wales
Chronological subdivision 1543-
690 ## - LOCAL SUBJECT ADDED ENTRY--TOPICAL TERM (OCLC, RLIN)
Topical term or geographic name as entry element PROPERTY-COMMERCIAL PROPERTY-LEASEHOLD COMMERCIAL PROPERTY-COMMERCIAL LANDLORD AND TENANT-COMMERCIAL LEASES-RENT REVIEW (COMMERCIAL LEASES)
942 ## - ADDED ENTRY ELEMENTS (KOHA)
Suppress in OPAC 0
948 ## - LOCAL PROCESSING INFORMATION (OCLC); SERIES PART DESIGNATOR (RLIN)
c (OCLC) 04/03/1997
Holdings
Withdrawn status Lost status Source of classification or shelving scheme Damaged status Not for loan Home library Current library Shelving location Date acquired Total Checkouts Full call number Barcode Date last seen Copy number Price effective from Koha item type
    Dewey Decimal Classification     London London Journal article 14/09/1999   ABS36858 700-1001 06/08/2019 1 06/08/2019 Law report